| 000 | 00420cam a2200181ua 4500 | ||
|---|---|---|---|
| 020 | _cRs 8.00 | ||
| 041 |
_ahin _h |
||
| 082 |
_a891.54 _bANJ/NA |
||
| 100 | _aAnjnay, . | ||
| 245 |
_aNadi ke dweep / _cAnjnay. _hTextual Documents |
||
| 250 |
_a3 / _b. |
||
| 260 |
_aNew Delhi : _bSaraswathi Press , _c1960. |
||
| 300 | _a336 ; . | ||
| 365 | _aRs 8.00 | ||
| 504 | _a | ||
| 942 | _cBK | ||
| 999 |
_c3683 _d3683 |
||